| 000 | 00616nam a2200229Ia 4500 | ||
|---|---|---|---|
| 008 | 160803s9999 xx 000 0 und d | ||
| 020 | _a9780439235440 | ||
| 100 | _aSeuling,Barbara | ||
| 245 | _aOh no, it's Robert / | ||
| 245 | _cBarbara Seuling ; illustrated by Paul Brewer. | ||
| 260 | _aNew York : | ||
| 260 | _bScholastic Inc. | ||
| 260 | _c2001 | ||
| 300 | _a118 pages : | ||
| 300 | _billustrations ; | ||
| 300 | _c20 cm | ||
| 500 | _aPreviously published, Chicago: Front Street/Cricket Books, 1999. | ||
| 650 | _aSchools -- | ||
| 650 | _aSchools. | ||
| 650 | _xFiction. | ||
| 700 | _a500 | ||
| 999 |
_c298571 _d298571 |
||